Auden : (Record no. 18313)
[ view plain ]
| 000 -LEADER | |
|---|---|
| fixed length control field | 00744nam a22002531 4500 |
| 001 - CONTROL NUMBER | |
| control field | 18313 |
| 003 - CONTROL NUMBER IDENTIFIER | |
| rucl marc code | BD-RjUL |
| 005 - DATE AND TIME OF LATEST TRANSACTION | |
| control field | 20211209000252.0 |
| 008 - FIXED-LENGTH DATA ELEMENTS--GENERAL INFORMATION | |
| fixed length control field | 140220s1951 enkc b 001 1beng |
| 035 ## - SYSTEM CONTROL NUMBER | |
| System control number | (BD-RjUL)18371 |
| System control number | (OCoLC)3266361 |
| 040 ## - CATALOGING SOURCE | |
| Original cataloging agency | DLC |
| Transcribing agency | ScU |
| Modifying agency | ScU |
| -- | Uk |
| -- | DLC |
| -- | BD-RjUL |
| Language of cataloging | eng |
| 041 ## - LANGUAGE CODE | |
| Language code of text/sound track or separate title | eng |
| 082 ## - DEWEY DECIMAL CLASSIFICATION NUMBER | |
| Classification number | 821.91 |
| Author mark and year | HOA 1951 |
| 100 1# - MAIN ENTRY--PERSONAL NAME | |
| Personal name | Hoggart, Richard, |
| Dates associated with a name | 1918- |
| 9 (RLIN) | 56370 |
| 245 00 - TITLE STATEMENT | |
| Title | Auden : |
| Remainder of title | an introductory essay / |
| Statement of responsibility, etc. | Richard Hoggart |
| 260 ## - PUBLICATION, DISTRIBUTION, ETC. (IMPRINT) | |
| Place of publication, distribution, etc. | London : |
| Name of publisher, distributor, etc. | Chatto & Windus, |
| Date of publication, distribution, etc. | 1951. |
| 300 ## - PHYSICAL DESCRIPTION | |
| Pagination | 256 p. : |
| Illustrations | ill., port. ; |
| Size | 22 cm. |
| 504 ## - BIBLIOGRAPHY, ETC. NOTE | |
| Bibliography, etc | Bibliography : p. 221-224. |
| 600 10 - SUBJECT ADDED ENTRY--PERSONAL NAME | |
| Personal name | Auden, W. H. |
| Fuller form of name | (Wystan Hugh), |
| Dates associated with a name | 1907-1973 |
| 942 ## - ADDED ENTRY ELEMENTS (KOHA) | |
| Source of classification or shelving scheme | Dewey Decimal Classification |
| Koha item type | Books |
| Lost status | Source of classification or shelving scheme | Damaged status | Not for loan | Collection code | Permanent Location | Current Location | Shelving location | Date acquired | Source of acquisition | Cost, normal purchase price | Total Checkouts | Full call number | Date last seen | Copy number | Koha item type |
|---|---|---|---|---|---|---|---|---|---|---|---|---|---|---|---|
| Dewey Decimal Classification | Not For Loan | Fiction | Central Library, University of Rajshahi | Central Library, University of Rajshahi | Reading Room | 27/01/1955 | UBA, Rajshahi | 7.14 | 821.91 HOA 1951 | 20/02/2014 | C-1 | Books |